Cien años y un día / (Record no. 99882)

MARC details
000 -LEADER
campo de control de longitud fija 00986nam a2200253 i 4500
001 - NÚMERO DE CONTROL
campo de control 99882
003 - IDENTIFICADOR DE NÚMERO DE CONTROL
campo de control ES-MaACL
005 - FECHA Y HORA DE LA ÚLTIMA TRANSACCIÓN
campo de control 20251005063102.0
007 - CAMPO FIJO DE DESCRIPCIÓN FÍSICA--INFORMACIÓN GENERAL
campo de control de longitud fija t|
008 - DATOS DE LONGITUD FIJA--INFORMACIÓN GENERAL
campo de control de longitud fija 050919s1960 sp af |||| | spa d
080 ## - NÚMERO DE LA CLASIFICACIÓN DECIMAL UNIVERSAL
Número de la Clasificación Decimal Universal 343.97(460)
080 ## - NÚMERO DE LA CLASIFICACIÓN DECIMAL UNIVERSAL
Número de la Clasificación Decimal Universal 946"18/19"(088.3)
100 1# - ENTRADA PRINCIPAL--NOMBRE DE PERSONA
Nombre de persona Martínez Olmedilla, Augusto,
Fechas asociadas al nombre 1880-1965
9 (RLIN) 78283
245 10 - MENCIÓN DEL TÍTULO
Título Cien años y un día /
Mención de responsabilidad, etc. A. Martínez Olmedilla ; con 427 ilustraciones y nueve láminas a todo color.
260 ## - PUBLICACIÓN, DISTRIBUCIÓN, ETC.
Lugar de publicación, distribución, etc. Madrid :
Nombre del editor, distribuidor, etc. Aguilar,
Fecha de publicación, distribución, etc. 1960.
300 ## - DESCRIPCIÓN FÍSICA
Extensión 336 p. :
Otras características físicas il. col. y n. ;
Dimensiones 31 cm.
490 1# - MENCIÓN DE SERIE
Mención de serie Panorama de un siglo
505 8# - NOTA DE CONTENIDO CON FORMATO
Nota de contenido con formato Contiene: Magnicidios ; Bandolerismo andaluz ; Delitos contra la propiedad sin efusión de sangre ; Domésticas criminales ; Sucesos político-sociales ; Miscelánea de crímenes
650 #4 - PUNTO DE ACCESO ADICIONAL DE MATERIA--TÉRMINO DE MATERIA
Término de materia o nombre geográfico como elemento de entrada Crimen y criminales-
Subdivisión geográfica España.
9 (RLIN) 160537
650 #4 - PUNTO DE ACCESO ADICIONAL DE MATERIA--TÉRMINO DE MATERIA
Término de materia o nombre geográfico como elemento de entrada Bandolerismo-
Subdivisión geográfica Andalucía.
9 (RLIN) 155454
830 1# - PUNTO DE ACCESO ADICIONAL DE SERIE-TÍTULO UNIFORME
Título uniforme Panorama de un siglo
9 (RLIN) 183835
852 ## - LOCALIZACIÓN
Ubicación ES-MaACL
Número de control de estantería G-18
Holdings
Estatus retirado Estado de pérdida Estado de daño No para préstamo Biblioteca de origen Biblioteca actual Ubicación en estantería Fecha de adquisición Fuente de adquisición Total de préstamos Signatura topográfica completa Código de barras Visto por última vez Precio de reemplazo Tipo de ítem Koha
        Biblioteca del Ateneo de Madrid Biblioteca del Ateneo de Madrid Depósito 2 17/01/2008     G-18 1104294 23/02/2023 23/02/2023 Libro impreso